000 00358nam a22001097a 4500
008 230606b xxu||||| |||| 00| 0 eng d
082 _a336
_bWAN
245 _aFinancial Management in the Public Sector
_bTools, Applications and Cases
_cM.E Sharpe
260 _aIndia
_bAsokeK. Ghsh, Prentice-Hall of India Private Linited
_c2006
300 _a194 p
942 _2ddc
_cBK
999 _c638
_d638